Online
Catalog

Guía para la inversión social corporativa en la República Dominicana / (Record no. 45628)

MARC details
000 -CABECERA
campo de control de longitud fija 01131nam a2200217 a 4500
001 - NÚMERO DE CONTROL
campo de control 000046139
003 - IDENTIFICADOR DEL NÚMERO DE CONTROL
campo de control OSt
005 - FECHA Y HORA DE LA ÚLTIMA TRANSACCIÓN
campo de control 20201117145129.0
008 - DATOS DE LONGITUD FIJA--INFORMACIÓN GENERAL
campo de control de longitud fija 150626s2002 dr 000 0 spa d
020 ## - NÚMERO INTERNACIONAL ESTÁNDAR DEL LIBRO
Número Internacional Estándar del Libro 9993402400
040 ## - FUENTE DE LA CATALOGACIÓN
Centro catalogador/agencia de origen DO-SdBNP
Lengua de catalogación spa
Centro/agencia transcriptor BNPHU
082 ## - NÚMERO DE LA CLASIFICACIÓN DECIMAL DEWEY
Número de clasificación xxxx
Número de documento/Ítem xxxx
100 1# - ENTRADA PRINCIPAL--NOMBRE DE PERSONA
Nombre de persona Fernández P., Enrique
9 (RLIN) 14030
245 10 - MENCIÓN DE TÍTULO
Título Guía para la inversión social corporativa en la República Dominicana /
Mención de responsabilidad, etc. Enrique Fernández P. ; prólogo José A. León.
260 ## - PUBLICACIÓN, DISTRIBUCIÓN, ETC.
Lugar de publicación, distribución, etc. Santo Domingo :
Nombre del editor, distribuidor, etc. Alianza ONG,
Fecha de publicación, distribución, etc. 2002.
300 ## - DESCRIPCIÓN FÍSICA
Extensión 89 [4] p. ;
Dimensiones 21 cm.
504 ## - NOTA DE BIBLIOGRAFÍA, ETC.
Nota de bibliografía, etc. Bibliografía : p. 79-80
505 0# - NOTA DE CONTENIDO CON FORMATO
Nota de contenido con formato Filantropía e inversión social --
Título Alianzas estratégicas para que ganemos todos --
-- Fundaciones corporativas o acción corporativa directa --
-- Identificando socio para la labor filantrópica --
-- Enfocando sectores estratégicos --Al César lo que es del César y a Dios lo que es de Dios --
-- La gerencia de la inversión social corporativa --
-- Imagen e información pública sobre la inversión social de la empresa --
-- Voluntariado y compromiso personal.
700 12 - PUNTO DE ACCESO ADICIONAL--NOMBRE DE PERSONA
Nombre de persona León, José A.,
Término indicativo de función/relación pról.
9 (RLIN) 19117
942 ## - ELEMENTOS DE PUNTO DE ACCESO ADICIONAL (KOHA)
Fuente del sistema de clasificación o colocación Dewey Decimal Classification
Tipo de ítem Koha Libro
Holdings
Estado de retiro Estado de pérdida Fuente del sistema de clasificación o colocación Restricciones de uso No para préstamo Código de colección Localización permanente Ubicación/localización actual Ubicación en estantería Fecha de adquisición Fuente de adquisición Número de inventario Total de préstamos Signatura topográfica completa Código de barras Fecha visto por última vez Precio válido a partir de Tipo de ítem Koha Nota pública Número de copia
    Dewey Decimal Classification Excluido de préstamo Excluido de préstamo Patrimonio Dominicano Biblioteca Nacional Pedro Henríquez Ureña Patrimonio Dominicano Depósito 26.06.2015 Chiqui Vicioso Fidelio D. LF1   xxxx xxxx 46139-10 25.06.2020 25.06.2020 Libro y Folleto Colección Patrimonio Dominicano Perteneció a la biblioteca personal de Chiqui Vicioso / Fidelio Despradel..  
    Dewey Decimal Classification Excluido de préstamo Préstamo restrigido Monografías: Libros y Folletos Biblioteca Nacional Pedro Henríquez Ureña Patrimonio Dominicano Depósito 17.11.2020 Familia Reyes Duluc.     xxxx xxxx   17.11.2020 17.11.2020 Libro   e. 2

Powered by Koha